00599 a2200181 450000100060000002000180000604000220002410000210004624000320006724500270009930000070012636200090013365000230014294200070016595201140017295201140028699900170040061704 a9788537704530 cAnchieta - Pituba aMirim, Anhangá10aAméricas assombradaslpor10aAméricas assombradas a430 a2008 4aLiteratura juvenil cBK 00104070a91.1b91.1d2023-11-21l0oLJ 028.5 M675a MIR AMEp13869/PITr2023-11-21 18:29:54w2023-11-21yBK 00104070a91.1b91.1d2023-11-21l0oLJ 028.5 M675a MIR AMEp13870/PITr2023-11-21 18:29:54w2023-11-21yBK c61704d61704